00502cam a2200169ua 45000010005000000080039000050400009000440820008000531000032000612450069000932500009001622600033001713000017002046530015002216530057002367000039002932950110919n ii |||gr||||Z||||||asm cMAIN a9201 aMisra, Akshay Kr.,eEditor.11aBanikanta kakati byaktitwa aru krititwaced. by Akshay Kr. Misra a1st. aBarpeta:bGobardhan Das,994. a116p:c23cm. aBiography  aBiography of Banikanta kakati byaktitwa aru krititwa1 aChoudhury, Chittaranjan,eEditor.,